Countries Most Similar to Albania - Statistics

General Stats
  • This quiz has been taken 72 times
  • The average score is 15 of 20
Answer Stats
Score Answer % Correct
69.9 Greece
98%
70.7 Serbia
95%
77.3 North Macedonia
92%
70.2 Turkey
92%
73.8 Bosnia and Herzegovina
91%
70 Bulgaria
89%
74.3 Montenegro
89%
69.1 Romania
89%
70.9 Croatia
86%
68.8 Italy
84%
66.8 Slovenia
81%
66 Hungary
78%
68 Spain
70%
66.2 Moldova
69%
68.3 Slovakia
67%
66.8 Cyprus
63%
68.4 Portugal
55%
66.1 Armenia
52%
66.5 Georgia
52%
65.4 Lebanon
39%
No matching quizzes found
Score Distribution
Percent of People with Each Score
Percentile by Number Answered
Your Score History
You have not taken this quiz